000 00757 a2200253 4500
001 25521
005 20260407155539.0
008 260407a1986 arg spa d
003 AR-UNSa-BCEJYS
040 _aAR-UNSa-BCEJYS
_bspa
_cAR-UNSa-BCEJYS
080 _a347.736
_xQuiebra. Insolvencia. Suspensión de pagos. Bancarrota, procedimientos. Derecho Concursal
245 1 0 _aRégimen de los concursos
_pLey 19.551
020 _a950-508-132-4
250 _a2a. ed. act.
264 1 _aBuenos Aires :
_bAstrea
_c1986
300 _a325 p.
_c20 cm.
041 _aspa
942 _cBK
590 _aniveau_biblio:m niveau_hierar:0
100 1 _aRouillon, Adolfo A.N.
700 1 _aArgentina [Leyes, etc.]
650 _aLey 19.551
650 _a ley 19 551
999 _c1394
_d1394